Sant Vicenç de Torelló
Publicado:
[Sant Vicenç de Torelló] :
Ajuntament de sant Vicenç de Torelló : Diputació de Barcelona, Servei d'Esports i Turisme, DL 1997
Descripción Física:
1 despleg., [6] p. : il. col. ; 30 cm
MARC
| LEADER | 00000nam a2200000Ia 4500 | ||
|---|---|---|---|
| 001 | 15442 | ||
| 008 | 160829s9999 xx 000 0 cat d | ||
| 080 | |a FU-37-43 | ||
| 245 | |a Sant Vicenç de Torelló | ||
| 260 | |a [Sant Vicenç de Torelló] : |b Ajuntament de sant Vicenç de Torelló : |b Diputació de Barcelona, Servei d'Esports i Turisme, DL 1997 | ||
| 300 | |a 1 despleg., [6] p. : |b il. col. ; |c 30 cm | ||
| 650 | |a Sant Vicenç de Torelló |x Guies |9 26848 | ||
| 710 | 1 | |a Sant Vicenç de Torelló (Catalunya). |b Ajuntament |9 53914 | |
| 710 | 2 | |a Barcelona (Catalunya : Província). |b Servei d'Esports i Turisme |9 54307 | |
| 901 | |a Arxiu | ||
| 942 | |n 1 | ||
| 952 | |0 0 |1 0 |4 0 |6 FU3743 |7 1 |9 44169 |a Arxiu |b Arxiu |d 2016-12-01 |l 0 |o FU-37-43 |p 15442 |r 2016-12-01 00:00:00 |w 2016-12-01 |y ARXIU | ||
| 952 | |0 0 |1 0 |4 0 |6 E00881 |7 0 |8 Digital |9 58267 |a TURISME |b TURISME |d 2017-06-03 |l 0 |o E.00881 |p TURISME17060126 |r 2017-06-03 00:00:00 |u http://bibliotecageneral.diba.cat/cgi-bin/koha/opac-retrieve-file.pl?id=558fa5431596454d372fa3da9eb5de93 |w 2017-06-03 |y DE |z FU-37-43 (còpia digital) | ||
| 999 | |c 46749 |d 46749 | ||
| 651 | 0 | |a Barcelona (Catalunya : Província) |9 50918 | |